Diseño de la estructura de pavimento flexible del tramo de carretera empalme de Ticuantepe - Valle Gothel
Presenta el diseño de la estructura de pavimento flexible del tramo de carretera empalme de Ticuantepe - Valle Gothel, basado en criterios y especificaciones de la Asociación Americana Oficial de transporte y Carreteras ASSHTO, se realiza un estudio de suelos en el cual se presentan las especific...
| Main Author: | |
|---|---|
| Other Authors: | |
| Format: | Tesis Section = Libro |
| Language: | Undetermined Spanish |
| Published: |
Managua
UNI
2008
|
| Subjects: |
| LEADER | 01546nam a2200241Ia 4500 | ||
|---|---|---|---|
| 008 | 240830s9999 xx 000 0 und d | ||
| 040 | |a BIBLIOTECA-RUPAP T.Mon 625.85 A472 | ||
| 041 | |a spa | ||
| 082 | |a T.Mon 625.85 A472 | ||
| 100 | 1 | |a Alvarado Flores, Tatiana Damaris | |
| 245 | 1 | 0 | |a Diseño de la estructura de pavimento flexible del tramo de carretera empalme de Ticuantepe - Valle Gothel |
| 260 | |a Managua |b UNI |c 2008 | ||
| 300 | |a 85 p. :il. | ||
| 500 | |a Contiene: anexos. | ||
| 502 | |a Tesis (Ingeniero Civil)- UNI, 2008. | ||
| 520 | 3 | |a Presenta el diseño de la estructura de pavimento flexible del tramo de carretera empalme de Ticuantepe - Valle Gothel, basado en criterios y especificaciones de la Asociación Americana Oficial de transporte y Carreteras ASSHTO, se realiza un estudio de suelos en el cual se presentan las especificaciones y los tipos de ensayos realizados a los tipos de suelos obtenidos mediante el sondeo de línea y banco de materiales, se realiza un análisis del volumen de tránsito en el cual se consideró la composición de este y las variables que implican el cálculo del tránsito del carril de diseño tales como: el periodo de diseño, la tasa de crecimiento vehicular, transito de diseño TD, el facto de distribución por carril (FC) y el factor de distribución por dirección. | |
| 650 | 7 | |a PAVIMENTOS | |
| 650 | 7 | |b PAVIMENTO FLEXIBLES | |
| 650 | 7 | |c PAVIMENTOS-DISEÑO Y CONSTRUCCION | |
| 700 | 1 | |a Tutor: |b Morales Urbina, Israel | |
| 942 | |c BK |2 ddc | ||
| 991 | |a TESIS | ||
| 999 | |c 18283 | ||